000 00605nam a22001457a 4500
999 _c60635
_d60635
005 20230927104211.0
008 230927s1981 gw ||||| |||| 00| 0 ger d
080 _a069 P-33
100 _aPaul-Zinserling, Verena
_919927
245 _aSammlung antiker Kleinkunst der Friedrich-Schiller-Universität Jena /
_cVerena Paul-Zinserling.
264 _aJena,
_c1981.
300 _a104 p.:
_bill.;
_c21 cm.
653 _aანტიკური კაბარეს კოლექცია იენაში ფრიდრიხ შილერის უნივერსიტეტში
942 _2udc
_cBK